000 00710cam a2200217 a 4500
001 12237708
005 20250603095245.0
008 001121s2001 miu 000 0 eng
020 _a1572930667 (pbk.)
050 0 0 _aBV652.1
_b.W52 2001
082 0 0 _a253
_221
100 1 _aWinslow, Paul,
_d1935-
245 1 0 _aChrist in church leadership :
_ba handbook for elders and pastors /
_cby Paul Winslow & Dorman Followwill.
260 _aGrand Rapids, MI :
_bDiscovery House,
_c2001.
300 _a202 p. :
_bill. ;
_c21 cm.
650 0 _aChristian leadership.
650 0 _aChristian leadership
_xBiblical teaching.
650 0 _aTypology (Theology)
700 1 _aFollowwill, Dorman,
_d1965-
942 _2lcc
_cBK
_n0
999 _c6180
_d6180